| 000 | 00955nam a22002535a 4500 | ||
|---|---|---|---|
| 005 | 2009080103243.0 | ||
| 008 | 090731s2009 mnu 000 0 eng | ||
| 010 | _aENG-94611 | ||
| 020 |
_a8182091845 _c395.00 |
||
| 020 |
_a9788182091849 _c395.00 |
||
| 035 | _aEN-78144 | ||
| 037 | _bDBAD / PUB | ||
| 040 |
_adpl _bEnglish |
||
| 082 | _a332.1 | ||
| 100 | _aGurusamy, S. | ||
| 245 |
_aFinancial markets and institutions / _cby S. Gurusamy |
||
| 250 | _a2nd ed. | ||
| 260 |
_aNoida (UP) _bMcGraw-Hill Eduction _c2008 |
||
| 270 |
_aB-4, Sector-63, Dist. Gautam Budh Nagar, Noida, _bUttar Pradesh _e201301 |
||
| 300 |
_axxiv, 702p. _c25cm(pbk) |
||
| 500 | _aIncludes glossary, bibliographical references and index | ||
| 942 |
_2ddc _cEN _h332.1 _mGUR |
||
| 999 |
_c28832 _d28832 |
||